[Event "ICS rated standard match"]
[Site "204.178.125.65"]
[Date "2000.12.10"]
[Round "?"]
[White "Hossa"]
[Black "petereks"]
[Result "0-1"]
[WhiteElo "2410"]
[BlackElo "2395"]
[PlyCount "152"]
[EventDate "2000.??.??"]

1. d4 Nf6 2. Nc3 d5 3. Bf4 Bf5 4. e3 e6 5. Bd3 Bxd3 6. cxd3 Bb4 7. a3 Ba5 8.
Nf3 O-O 9. b4 Bb6 10. O-O c6 11. e4 a5 12. Qd2 Qe7 13. Na4 Ba7 14. Bg5 h6 15.
Bh4 g5 16. Bxg5 hxg5 17. Qxg5+ Kh7 18. bxa5 Re8 19. e5 Ng8 20. Qh5+ Nh6 21.
Rfb1 Na6 22. Ng5+ Kg7 23. Nb6 Rad8 24. Ra2 Rh8 25. Rb3 f5 26. exf6+ Kxf6 27.
Nf3 Nf7 28. Qg4 Bb8 29. Ne5 Bxe5 30. dxe5+ Kxe5 31. Na4 Kd6 32. Qg3+ e5 33.
Qg6+ Kc7 34. Rc2 Rd6 35. Nb6 Kd8 36. Qg4 Re6 37. Rb1 Qf6 38. h3 Nh6 39. Qd1 Nf5
40. Qg4 Nd4 41. Rd2 Nc5 42. Qg3 Qh6 43. Qe3 Nf3+ 44. Qxf3 Qxd2 45. Nxd5 Qxa5
46. Ne3 Qxa3 47. Qf5 Qa2 48. Re1 Qd2 49. Rd1 Qc3 50. Qg5+ Kc8 51. Qg7 Rd8 52.
Nf5 Qc2 53. Ra1 Kb8 54. Qf7 Qxd3 55. f3 Ree8 56. Qf6 e4 57. Qg5 exf3 58. Qf4+
Kc8 59. Qg4 Qc3 60. Ra8+ Kc7 61. Rxd8 Re1+ 62. Kh2 fxg2 63. Qf4+ Kxd8 64. Qb8+
Kd7 65. Qd6+ Ke8 66. Qg6+ Kf8 67. Qd6+ Kf7 68. Nh6+ Ke8 69. Qg6+ Kd8 70. Nf7+
Kc7 71. Qxg2 Ne4 72. h4 Qe3 73. Qxe4 Qg1+ 74. Kh3 Rxe4 75. h5 Re3+ 76. Kh4 Qg3#
{Hossa checkmated} 0-1

[Event "ICS rated blitz match"]
[Site "204.178.125.65"]
[Date "2000.12.10"]
[Round "?"]
[White "PostModernist"]
[Black "Hossa"]
[Result "1-0"]
[WhiteElo "2719"]
[BlackElo "2528"]
[PlyCount "179"]
[EventDate "2000.??.??"]

1. d4 Nf6 2. c4 g6 3. Nc3 d5 4. Nf3 Bg7 5. Bf4 O-O 6. Rc1 c6 7. e3 Qa5 8. Be2
dxc4 9. Bxc4 Nd5 10. Bxd5 cxd5 11. O-O Nc6 12. Ne5 Nxe5 13. Bxe5 Bxe5 14. dxe5
Be6 15. Qd4 Rfc8 16. Qh4 Qd8 17. Rfd1 Rc4 18. Qg5 f6 19. exf6 exf6 20. Qg3 Qc7
21. Qxc7 Rxc7 22. Nb5 Rxc1 23. Rxc1 Rd8 24. Rc7 a6 25. Nc3 Rb8 26. Re7 Bf7 27.
Rd7 Be6 28. Rd6 Kf7 29. Nxd5 Rc8 30. Nc3 f5 31. f3 g5 32. e4 Kf6 33. h3 Ke5 34.
Rd1 h5 35. g3 fxe4 36. Nxe4 Rc2 37. Nxg5 Bxa2 38. f4+ Kf5 39. b4 Bc4 40. Rd6
Rb2 41. Rh6 Bd5 42. Rxh5 Rg2+ 43. Kf1 Rxg3 44. Nh7+ Ke6 45. Ke2 Rb3 46. f5+ Kd6
47. Rh4 Ke5 48. f6 Be6 49. Rh5+ Kd6 50. Ng5 Rb2+ 51. Kd3 Rb3+ 52. Kc2 Rxb4 53.
f7 Bxf7 54. Nxf7+ Ke7 55. Ne5 Kf6 56. Ng4+ Kg6 57. Rc5 Ra4 58. Re5 b5 59. Rc5
Ra2+ 60. Kb1 Ra3 61. h4 Rh3 62. Rg5+ Kf7 63. h5 Rh4 64. h6 a5 65. Kc2 Ke6 66.
Kc3 Ke7 67. Kd4 a4 68. Kc3 a3 69. Kb3 b4 70. Rg7+ Kf8 71. Rg6 Ke7 72. Ka2 Ke8
73. Re6+ Kf7 74. Re4 Rh3 75. Rxb4 Ke6 76. Rf4 Ke7 77. Rf2 Rc3 78. h7 Rc8 79.
Ne5 Ke6 80. Nf7 Kd5 81. h8=Q Rc1 82. Qa8+ Kd4 83. Rf4+ Kc5 84. Qxa3+ Kb5 85.
Rb4+ Kc6 86. Qxc1+ Kd7 87. Qe3 Kc8 88. Qe8+ Kc7 89. Qd8+ Kc6 90. Qd6# {
Hossa checkmated} 1-0

[Event "ICS rated blitz match"]
[Site "204.178.125.65"]
[Date "2000.12.10"]
[Round "?"]
[White "Hossa"]
[Black "QueenMaxima"]
[Result "1/2-1/2"]
[WhiteElo "2520"]
[BlackElo "2539"]
[PlyCount "156"]
[EventDate "2000.??.??"]

1. d4 Nf6 2. c4 g6 3. Nc3 Bg7 4. e4 d6 5. Nf3 O-O 6. Be2 Nbd7 7. O-O e5 8. dxe5
dxe5 9. Qc2 c6 10. Rd1 Qc7 11. b3 Rd8 12. Na4 b6 13. Ba3 c5 14. Nc3 Bb7 15. Bc1
h6 16. Nd5 Qd6 17. Bb2 a5 18. Bc3 a4 19. bxa4 Ra7 20. Rab1 Nxd5 21. cxd5 Ba6
22. Bb5 Bxb5 23. axb5 Rda8 24. Ra1 Ra4 25. Nd2 Qc7 26. Bb2 Rxa2 27. Bxe5 Qa7
28. Rxa2 Qxa2 29. Qxa2 Rxa2 30. Bxg7 Kxg7 31. Nc4 Rc2 32. Nd6 Ra2 33. g4 Ne5
34. h3 Kf6 35. Nc8 Rb2 36. Nxb6 Rxb5 37. Na4 c4 38. Rc1 Rb4 39. Nc3 Nd3 40. Rc2
Ke5 41. Kf1 Rb3 42. h4 Kf4 43. g5 hxg5 44. hxg5 Kxg5 45. Nd1 Kf4 46. Rxc4 Rb1
47. Rd4 Nb2 48. Ke2 Nxd1 49. Rxd1 Rb2+ 50. Rd2 Rb8 51. f3 f5 52. exf5 gxf5 53.
Kd3 Ke5 54. Kc4 Rc8+ 55. Kb4 Kd6 56. f4 Rc5 57. Re2 Rxd5 58. Kc3 Ra5 59. Rd2+
Kc5 60. Re2 Ra3+ 61. Kd2 Ra2+ 62. Ke1 Rxe2+ 63. Kxe2 Kd4 64. Kf3 Kd3 65. Kg3
Ke3 66. Kg2 Kxf4 67. Kf2 Kg4 68. Kg2 f4 69. Kf2 f3 70. Kf1 Kg3 71. Kg1 Kf4 72.
Kf2 Ke4 73. Kf1 Ke5 74. Kg1 Kf5 75. Kf2 Kf4 76. Kf1 Ke3 77. Ke1 f2+ 78. Kf1 Kf3
{Hossa stalemated} 1/2-1/2

[Event "ICS rated standard match"]
[Site "204.178.125.65"]
[Date "2000.12.10"]
[Round "?"]
[White "Hossa"]
[Black "BOXERMA"]
[Result "1-0"]
[WhiteElo "2393"]
[BlackElo "1989"]
[PlyCount "51"]
[EventDate "2000.??.??"]

1. d4 d5 2. Nf3 Nc6 3. g3 Bg4 4. Bg2 Nf6 5. Ne5 Bf5 6. c4 Nxe5 7. dxe5 Ng4 8.
cxd5 Nxe5 9. O-O Bxb1 10. Rxb1 Qd7 11. Qd4 Ng6 12. Be3 f6 13. Qb4 b6 14. Rfc1
Rc8 15. Qc4 Ne5 16. Qa6 g6 17. Qxa7 Bg7 18. b3 O-O 19. f4 Ng4 20. Bxb6 Ra8 21.
Qxc7 Qxc7 22. Rxc7 Rxa2 23. Bf3 f5 24. Rxe7 Rc8 25. d6 Nf6 26. d7 {
BOXERMA resigns} 1-0

[Event "ICS rated standard match"]
[Site "204.178.125.65"]
[Date "2000.12.10"]
[Round "?"]
[White "BOXERMA"]
[Black "Hossa"]
[Result "0-1"]
[WhiteElo "1986"]
[BlackElo "2396"]
[PlyCount "44"]
[EventDate "2000.??.??"]

1. e4 c5 2. c3 d5 3. exd5 Qxd5 4. d4 Nf6 5. Nf3 Bg4 6. Be2 e6 7. O-O Nc6 8. c4
Qd7 9. dxc5 Bxc5 10. Qxd7+ Nxd7 11. Nc3 Bxf3 12. Bxf3 Nde5 13. Bxc6+ bxc6 14.
b3 Rd8 15. Rb1 Nd3 16. Be3 Bd4 17. Bxd4 Rxd4 18. Rfd1 Ke7 19. Ne2 Rd6 20. Rd2
Rhd8 21. Rc2 Nb4 22. Rcc1 Rd2 {BOXERMA resigns} 0-1

[Event "ICS rated standard match"]
[Site "204.178.125.65"]
[Date "2000.12.10"]
[Round "?"]
[White "Hossa"]
[Black "BOXERMA"]
[Result "1-0"]
[WhiteElo "2399"]
[BlackElo "1983"]
[PlyCount "29"]
[EventDate "2000.??.??"]

1. d4 d5 2. Nf3 Nc6 3. g3 g6 4. c4 e6 5. cxd5 exd5 6. Bg2 Nge7 7. Bf4 Bg7 8.
Nc3 a6 9. O-O O-O 10. Bg5 Be6 11. Rc1 h6 12. Bf4 Nb8 13. Na4 c6 14. Qb3 Qc8 15.
Nb6 {BOXERMA resigns} 1-0

[Event "ICS rated standard match"]
[Site "204.178.125.65"]
[Date "2000.12.10"]
[Round "?"]
[White "BOXERMA"]
[Black "Hossa"]
[Result "0-1"]
[WhiteElo "1980"]
[BlackElo "2402"]
[PlyCount "88"]
[EventDate "2000.??.??"]

1. e4 c5 2. c3 d5 3. exd5 Qxd5 4. d4 Nf6 5. Nf3 Bg4 6. Be2 e6 7. O-O Nc6 8. h3
Bf5 9. Be3 cxd4 10. Nxd4 Nxd4 11. Qxd4 a6 12. Nd2 e5 13. Qb6 Nd7 14. Qc7 Bd6
15. Qc4 Qxc4 16. Nxc4 Bc7 17. Rfd1 O-O-O 18. Nd6+ Bxd6 19. Rxd6 Nf6 20. Rad1
Rxd6 21. Rxd6 Rd8 22. Rxd8+ Kxd8 23. Bc4 Ke8 24. f3 b5 25. Bb3 h6 26. Kf2 g5
27. Ke2 e4 28. f4 g4 29. h4 Be6 30. Bxe6 fxe6 31. Bd4 Nd5 32. g3 Ne7 33. Bf2
Nf5 34. Kd2 e3+ 35. Bxe3 Nxg3 36. Kd3 Nf5 37. Bf2 g3 38. Bxg3 Nxg3 39. c4 bxc4+
40. Kxc4 Kd7 41. b4 Nf5 42. h5 Ng7 43. b5 axb5+ 44. Kxb5 Nxh5 {BOXERMA resigns}
0-1

[Event "ICS rated standard match"]
[Site "204.178.125.65"]
[Date "2000.12.10"]
[Round "?"]
[White "BOXERMA"]
[Black "Hossa"]
[Result "0-1"]
[WhiteElo "1974"]
[BlackElo "2408"]
[PlyCount "60"]
[EventDate "2000.??.??"]

1. e4 e6 2. d4 d5 3. exd5 exd5 4. Bd3 Bd6 5. Nf3 Bg4 6. h3 Bh5 7. Be3 Nf6 8.
Nbd2 O-O 9. c3 b6 10. Qc2 c5 11. b3 Bg6 12. Bxg6 hxg6 13. O-O Nc6 14. Rfe1 Re8
15. Kh1 Qc7 16. a3 cxd4 17. Nxd4 Nxd4 18. Bxd4 Bxa3 19. Nf3 Bd6 20. Qd3 Ne4 21.
Nd2 f5 22. Nxe4 dxe4 23. Qb5 Qf7 24. Ra6 Rad8 25. Rea1 Re7 26. Qa4 Bb8 27. Qc6
g5 28. b4 g4 29. h4 g3 30. Qb5 Qh5 {BOXERMA resigns} 0-1

[Event "ICS rated standard match"]
[Site "204.178.125.65"]
[Date "2000.12.10"]
[Round "?"]
[White "Hossa"]
[Black "BOXERMA"]
[Result "1-0"]
[WhiteElo "2410"]
[BlackElo "1972"]
[PlyCount "95"]
[EventDate "2000.??.??"]

1. d4 d5 2. Nf3 Bg4 3. c4 Bxf3 4. exf3 c6 5. cxd5 cxd5 6. Bb5+ Nc6 7. Qa4 Qd7
8. O-O e6 9. Bg5 Be7 10. Rc1 Rc8 11. Bf4 Nf6 12. Nc3 O-O 13. Bd3 a6 14. Bg5 h6
15. Bh4 Ne8 16. Bxe7 Qxe7 17. Ne2 Nd6 18. Bxa6 Ra8 19. Rxc6 bxc6 20. Qxc6 Qa7
21. Bd3 Nc8 22. a3 Nb6 23. Qc2 Rfc8 24. Nc3 Na4 25. Qd2 Nxc3 26. bxc3 Qa5 27.
a4 Qxc3 28. Qd1 Ra5 29. Rb1 Kf8 30. Bb5 Qc2 31. Qf1 g6 32. Qe1 Kg7 33. Ra1 Qc3
34. Qd1 Kh7 35. h4 Qc2 36. Qe1 Qc3 37. Qd1 Qb2 38. Rb1 Qa3 39. h5 Qa2 40. hxg6+
fxg6 41. Bd3 Rc7 42. Qe1 Qxa4 43. Bxg6+ Kxg6 44. Qxe6+ Kh7 45. Rb8 Rg7 46. Qf5+
Rg6 47. Rb7+ Kh8 48. Qf8+ {BOXERMA resigns} 1-0

[Event "ICS rated standard match"]
[Site "204.178.125.65"]
[Date "2000.12.10"]
[Round "?"]
[White "BOXERMA"]
[Black "Hossa"]
[Result "0-1"]
[WhiteElo "1970"]
[BlackElo "2412"]
[PlyCount "88"]
[EventDate "2000.??.??"]

1. e4 c5 2. c3 d5 3. exd5 Qxd5 4. d4 Nf6 5. Nf3 Bg4 6. Be2 e6 7. O-O Nc6 8. h3
Bf5 9. Be3 cxd4 10. Nxd4 Nxd4 11. Qxd4 a6 12. Nd2 Be7 13. Bf3 Qxd4 14. Bxd4
O-O-O 15. Nc4 Bd3 16. Nb6+ Kc7 17. Rfd1 e5 18. Rxd3 exd4 19. Nc4 dxc3 20. Rxc3
Bb4 21. Rc2 Kb8 22. a3 Bd6 23. Nxd6 Rxd6 24. Rd1 Rxd1+ 25. Bxd1 Rd8 26. Bf3 h6
27. Kf1 Rd7 28. Ke2 Rc7 29. Rxc7 Kxc7 30. Kd3 Kc8 31. Kd4 h5 32. Kc5 Kc7 33. b4
h4 34. a4 b6+ 35. Kd4 Kd6 36. a5 bxa5 37. bxa5 Nd7 38. Kc4 Ne5+ 39. Kd4 Nxf3+
40. gxf3 Kc6 41. Kc4 g5 42. Kd4 Kb5 43. Kd5 f5 44. Kd4 g4 {BOXERMA resigns} 0-1

[Event "ICS rated standard match"]
[Site "204.178.125.65"]
[Date "2000.12.10"]
[Round "?"]
[White "Hossa"]
[Black "BOXERMA"]
[Result "1-0"]
[WhiteElo "2414"]
[BlackElo "1968"]
[PlyCount "31"]
[EventDate "2000.??.??"]

1. e4 c5 2. Nf3 d6 3. Bb5+ Bd7 4. Bxd7+ Qxd7 5. c4 Nc6 6. d4 cxd4 7. Nxd4 Nxd4
8. Qxd4 Nf6 9. Nc3 g6 10. O-O Bg7 11. Bg5 O-O 12. Qd2 Rfd8 13. f3 Rac8 14. b3
a6 15. Rac1 h6 16. Bxh6 {BOXERMA resigns} 1-0

[Event "ICS rated bullet match"]
[Site "204.178.125.65"]
[Date "2000.12.10"]
[Round "?"]
[White "twixer"]
[Black "Hossa"]
[Result "1-0"]
[WhiteElo "2899"]
[BlackElo "2603"]
[PlyCount "135"]
[EventDate "2000.??.??"]

1. e4 c5 2. b3 d6 3. Bb2 Nf6 4. Nc3 Nc6 5. Bb5 a6 6. Bxc6+ bxc6 7. d4 Qa5 8.
Qd2 cxd4 9. Qxd4 e5 10. Qe3 Be7 11. Nf3 O-O 12. O-O Be6 13. h3 Nd7 14. Ng5 d5
15. Nxe6 fxe6 16. Na4 Qc7 17. exd5 cxd5 18. c4 d4 19. Qe2 Rad8 20. f4 Qa7 21.
Kh1 Bd6 22. Bxd4 Qxd4 23. Rad1 Rxf4 24. Rxf4 Qxf4 25. Rxd6 Qc1+ 26. Kh2 Qf4+
27. g3 Qg5 28. Qd2 Qxd2+ 29. Rxd2 e4 30. Rd6 e3 31. Rxe6 Nf8 32. Rxe3 Rd2+ 33.
Kg1 Rxa2 34. Re8 Ra1+ 35. Kf2 Rh1 36. Kg2 Rb1 37. Nc5 Kf7 38. Ra8 Rc1 39. Ra7+
Kf6 40. Rxa6+ Ke7 41. Kf2 Ke8 42. Ra8+ Ke7 43. Ra7+ Kd6 44. Ne4+ Ke5 45. Ke3
Re1+ 46. Kd3 Rd1+ 47. Nd2 Ne6 48. b4 Kd6 49. c5+ Kd5 50. Rd7+ Ke5 51. c6 Ra1
52. Nc4+ Kf6 53. c7 Nxc7 54. Rxc7 Rg1 55. b5 Rxg3+ 56. Ne3 Rxh3 57. b6 Rh1 58.
b7 Rb1 59. Nc4 h5 60. Rc6+ Kg5 61. Rb6 Rf1 62. b8=Q h4 63. Qe5+ Rf5 64. Qxg7+
Kf4 65. Ne3 Rg5 66. Rf6+ Kg3 67. Qxg5+ Kh3 68. Qg2# {Hossa checkmated} 1-0

[Event "ICS rated blitz match"]
[Site "204.178.125.65"]
[Date "2000.12.11"]
[Round "?"]
[White "Hossa"]
[Black "PostModernist"]
[Result "1-0"]
[WhiteElo "2515"]
[BlackElo "2577"]
[PlyCount "147"]
[EventDate "2000.??.??"]

1. d4 Nf6 2. c4 g6 3. Nc3 d5 4. Nf3 Bg7 5. Bf4 c5 6. dxc5 Qa5 7. cxd5 Nxd5 8.
Qxd5 Bxc3+ 9. Bd2 Be6 10. Qxb7 Bxd2+ 11. Nxd2 O-O 12. b4 Qa4 13. e3 Nd7 14. a3
Rfb8 15. Qa6 Qc2 16. Qd3 Qa4 17. Rc1 Nf6 18. Qa6 Qd7 19. Be2 Bd5 20. Bf3 Rd8
21. O-O Rab8 22. Bxd5 Nxd5 23. Nb3 e5 24. Rfd1 Nxb4 25. Rxd7 Nxa6 26. c6 h5 27.
Rxa7 Rxb3 28. Rxa6 Rc3 29. Ra1 Rd6 30. a4 Rdxc6 31. Rxc6 Rxc6 32. a5 Ra6 33.
Kf1 Kg7 34. Ke2 e4 35. Kd2 Kf6 36. Kc3 g5 37. Kd4 Kf5 38. Kd5 g4 39. g3 f6 40.
Ra2 Ra7 41. a6 Kg5 42. Kc6 h4 43. Kb6 Ra8 44. Kb7 Re8 45. a7 hxg3 46. fxg3 Kg6
47. Rc2 f5 48. Rc6+ Kh5 49. Rc8 Re7+ 50. Rc7 Re8 51. Rd7 Kg5 52. Rd6 Re7+ 53.
Ka6 Re8 54. Rc6 Rd8 55. Kb7 Rh8 56. Kc7 Kh5 57. Rb6 Kg5 58. Re6 Rh7+ 59. Kb6
Rh8 60. Kc6 Kh5 61. Kb7 Rh7+ 62. Kb6 Rh8 63. Rd6 Kg5 64. Kc6 Re8 65. Kd5 Rc8
66. Ra6 Ra8 67. Kc6 Rd8 68. a8=Q Rxa8 69. Rxa8 Kf6 70. Kd6 Kf7 71. Ke5 Kg7 72.
Kxf5 Kf7 73. Ra7+ Ke8 74. Kxg4 {PostModernist resigns} 1-0

[Event "ICS rated blitz match"]
[Site "204.178.125.65"]
[Date "2000.12.11"]
[Round "?"]
[White "QueenMaxima"]
[Black "Hossa"]
[Result "1-0"]
[WhiteElo "2600"]
[BlackElo "2534"]
[PlyCount "125"]
[EventDate "2000.??.??"]

1. e4 e6 2. d3 Nc6 3. Nf3 Be7 4. Be2 d5 5. O-O Bd6 6. Nc3 Nf6 7. Bg5 h6 8. Bh4
dxe4 9. Nxe4 Be7 10. Bg3 Nh5 11. Be5 O-O 12. Bc3 Nf4 13. Ne5 Nxe2+ 14. Qxe2 Nd4
15. Qd2 Qd5 16. Bxd4 Qxd4 17. Qa5 Qxb2 18. Rab1 Qd4 19. Qxc7 Bd8 20. Qd6 Qxd6
21. Nxd6 Bc7 22. Nec4 b6 23. Nxc8 Raxc8 24. f4 Bd8 25. Kf2 Bf6 26. Kf3 g6 27.
a4 Rfd8 28. a5 bxa5 29. Rb7 Bd4 30. Rfb1 Rd5 31. Ke4 Kg7 32. Rc1 Rcd8 33. c3
Bb6 34. Ne5 Rf8 35. Rb1 Kg8 36. d4 Kg7 37. h4 Rd6 38. g4 Rdd8 39. f5 Rb8 40.
Rd7 Bc7 41. f6+ Kg8 42. Rxb8 Bxb8 43. c4 Bxe5 44. Kxe5 Rc8 45. d5 exd5 46. cxd5
Re8+ 47. Re7 Kf8 48. d6 a6 49. Kd5 Ra8 50. d7 a4 51. Re4 Rd8 52. Kd6 a3 53. Rc4
Rxd7+ 54. Kxd7 Kg8 55. Ra4 g5 56. h5 Kh8 57. Rxa3 Kh7 58. Ke7 Kg8 59. Ra5 Kh7
60. Kxf7 Kh8 61. Kg6 Kg8 62. Rxa6 Kh8 63. Ra8# {Hossa checkmated} 1-0

[Event "ICS rated blitz match"]
[Site "204.178.125.65"]
[Date "2000.12.11"]
[Round "?"]
[White "Hossa"]
[Black "QueenMaxima"]
[Result "1/2-1/2"]
[WhiteElo "2521"]
[BlackElo "2613"]
[PlyCount "266"]
[EventDate "2000.??.??"]

1. d4 c6 2. c4 Nf6 3. Nf3 Na6 4. Nc3 d6 5. e4 c5 6. d5 g6 7. Bd3 Bg7 8. O-O O-O
9. a3 Bg4 10. h3 Bxf3 11. Qxf3 Nd7 12. Bc2 Nc7 13. Bg5 Rc8 14. b3 Ne5 15. Qe3
Qd7 16. Bh6 Bxh6 17. Qxh6 f6 18. f4 Nf7 19. Qh4 b5 20. Bd3 bxc4 21. Bxc4 Rb8
22. Rf2 a6 23. f5 Ne5 24. fxg6 Nxg6 25. Qh6 Ne5 26. Raf1 a5 27. Nb1 Kh8 28. Nd2
Rg8 29. Nf3 Nxc4 30. bxc4 Qa4 31. Qc1 Rb3 32. Qh6 Rxa3 33. Nd2 Rag3 34. Rb1 Qe8
35. Rb7 Qc8 36. Rb3 Rxb3 37. Nxb3 a4 38. Na5 Ne6 39. dxe6 Qc7 40. Qd2 Ra8 41.
e5 dxe5 42. Qd7 Qxa5 43. Qxe7 Qe1+ 44. Rf1 Qe3+ 45. Kh2 Qg5 46. Qxc5 Rg8 47. g4
h5 48. Rf5 Qd2+ 49. Kg3 Qe1+ 50. Qf2 Qxf2+ 51. Rxf2 Kg7 52. Ra2 hxg4 53. hxg4
Re8 54. Rxa4 Rxe6 55. c5 Rc6 56. Rc4 Kf7 57. Kf3 Rc8 58. Ke4 Ke6 59. Rb4 Rxc5
60. Rb6+ Kf7 61. Kf5 e4+ 62. Kxe4 Kg6 63. g5 Kxg5 64. Kf3 f5 65. Rb4 Rc3+ 66.
Kf2 f4 67. Rb5+ Kg4 68. Kf1 Rc2 69. Rd5 f3 70. Re5 Kg3 71. Rg5+ Kf4 72. Rh5 Rd2
73. Ke1 Ra2 74. Kf1 Ra1+ 75. Kf2 Kg4 76. Re5 Ra2+ 77. Kf1 Rb2 78. Rd5 Kg3 79.
Rg5+ Kf4 80. Rh5 Ke4 81. Rg5 Rd2 82. Rh5 Rg2 83. Rh4+ Ke3 84. Rc4 Rf2+ 85. Kg1
Ra2 86. Rc3+ Ke2 87. Rc1 Rd2 88. Rf1 Rd5 89. Rf2+ Ke3 90. Rf1 Rg5+ 91. Kh2 f2
92. Rc1 Rg6 93. Rb1 Rb6 94. Rc1 Rf6 95. Kg2 Rg6+ 96. Kh2 Kf3 97. Rc3+ Ke4 98.
Rc1 Rg5 99. Rb1 Rg4 100. Rb4+ Kd3 101. Rb3+ Kd2 102. Rb2+ Ke3 103. Rb1 Rb4 104.
Rc1 Rf4 105. Kg2 Rg4+ 106. Kh2 Kf3 107. Rc3+ Ke4 108. Rc1 Rg6 109. Ra1 Ra6 110.
Rb1 Rb6 111. Rc1 Rc6 112. Rb1 Kf3 113. Rb3+ Ke2 114. Rb2+ Ke1 115. Rb1+ Kd2
116. Rb2+ Ke3 117. Rb3+ Kd4 118. Rb4+ Ke5 119. Rb5+ Kf4 120. Rb4+ Kf5 121. Rb5+
Kg6 122. Kg2 Rf6 123. Kf1 Rf7 124. Rb2 Kh6 125. Rxf2 Rc7 126. Kg1 Kh7 127. Kh1
Kh8 128. Kh2 Kg8 129. Kh3 Kg7 130. Kh4 Rd7 131. Kh5 Re7 132. Kg5 Rf7 133. Rxf7+
Kxf7 {Game drawn because neither player has mating material} 1/2-1/2

[Event "ICS rated blitz match"]
[Site "204.178.125.65"]
[Date "2000.12.11"]
[Round "?"]
[White "PostModernist"]
[Black "Hossa"]
[Result "1-0"]
[WhiteElo "2561"]
[BlackElo "2525"]
[PlyCount "127"]
[EventDate "2000.??.??"]

1. d4 c6 2. c4 Nf6 3. Nc3 d5 4. Nf3 dxc4 5. a4 Bf5 6. e3 e6 7. Bxc4 Bb4 8. O-O
O-O 9. Qe2 Ne4 10. Bd3 Nxc3 11. bxc3 Bxc3 12. Rb1 Qe7 13. Bxf5 exf5 14. Qc2 Bb4
15. Qxf5 Na6 16. Bb2 Rfe8 17. Rfc1 Qe6 18. Qd3 Qd5 19. Bc3 Bd6 20. Nd2 Qh5 21.
h3 Re7 22. Nc4 Bc7 23. Rd1 Rd8 24. Nd2 Bb8 25. Rdc1 Bd6 26. f4 Rde8 27. Nc4 Qd5
28. Qf1 Rd8 29. Na5 Rxe3 30. Nxb7 Rxc3 31. Rxc3 Qxd4+ 32. Kh1 Qxc3 33. Nxd8 Nb4
34. Qe2 Bf8 35. Qe8 Qc4 36. Rxb4 Qxb4 37. Qxf7+ Kh8 38. Ne6 Qe7 39. Qxf8+ Qxf8
40. Nxf8 c5 41. Kg1 c4 42. Kf2 Kg8 43. Nd7 c3 44. Ke3 Kf7 45. Nc5 Ke7 46. Kd3
Kd6 47. Ne4+ Kd5 48. Nxc3+ Kc5 49. g4 Kb4 50. g5 Kc5 51. f5 Kd6 52. Nb5+ Ke5
53. Nxa7 Kxf5 54. Kd4 h6 55. gxh6 gxh6 56. Nc6 Ke6 57. a5 Kd6 58. a6 Kc7 59.
Ke4 h5 60. a7 Kc8 61. a8=Q+ Kc7 62. Kd5 Kb6 63. Qa7+ Kb5 64. Qa5# {
Hossa checkmated} 1-0

[Event "ICS rated standard match"]
[Site "204.178.125.65"]
[Date "2000.12.11"]
[Round "?"]
[White "Hossa"]
[Black "BOXERMA"]
[Result "1-0"]
[WhiteElo "2416"]
[BlackElo "1982"]
[PlyCount "79"]
[EventDate "2000.??.??"]

1. d4 d5 2. Nf3 Bg4 3. c4 Bxf3 4. exf3 e6 5. cxd5 Qxd5 6. Nc3 Bb4 7. Qa4+ Nc6
8. Bb5 Bxc3+ 9. bxc3 Nge7 10. O-O O-O 11. Rb1 Rab8 12. Ba3 Rfd8 13. Bc4 Qd7 14.
Bxe7 Nxe7 15. Qxa7 Nd5 16. Bxd5 Qxd5 17. Rfc1 h6 18. a4 Ra8 19. Qxb7 Rxa4 20.
Qxc7 Rc4 21. Qf4 Rdc8 22. Rb8 Qd8 23. Rxc8 Qxc8 24. Qd2 Kh7 25. f4 g6 26. f3
Qc7 27. g4 Qc6 28. Kg2 f5 29. Kg3 Qc7 30. Qe3 Qc6 31. Rc2 Kg8 32. h3 Kf7 33. g5
h5 34. Qe5 Rxc3 35. Qf6+ Ke8 36. Qxg6+ Kd7 37. d5 Qc5 38. Qxe6+ Kd8 39. Qf6+
Kd7 40. Rxc3 {BOXERMA resigns} 1-0

[Event "ICS rated standard match"]
[Site "204.178.125.65"]
[Date "2000.12.11"]
[Round "?"]
[White "BOXERMA"]
[Black "Hossa"]
[Result "0-1"]
[WhiteElo "1980"]
[BlackElo "2418"]
[PlyCount "50"]
[EventDate "2000.??.??"]

1. e4 e6 2. d4 d5 3. exd5 exd5 4. Bd3 Bd6 5. Nf3 Bg4 6. h3 Bh5 7. O-O Ne7 8. c3
f6 9. Re1 O-O 10. Be3 Nd7 11. Nbd2 Re8 12. Qc2 Bg6 13. Nf1 c6 14. Nh4 Bxd3 15.
Qxd3 Qc7 16. Nf5 Nxf5 17. Qxf5 Re7 18. Bd2 Rae8 19. Rxe7 Rxe7 20. Re1 Rxe1 21.
Bxe1 Nf8 22. Qf3 Qa5 23. a3 Qb5 24. Ne3 Qxb2 25. Nxd5 Qb1 {BOXERMA resigns} 0-1

[Event "ICS rated standard match"]
[Site "204.178.125.65"]
[Date "2000.12.11"]
[Round "?"]
[White "Hossa"]
[Black "BOXERMA"]
[Result "1-0"]
[WhiteElo "2420"]
[BlackElo "1978"]
[PlyCount "35"]
[EventDate "2000.??.??"]

1. d4 d5 2. Nf3 Bg4 3. c4 Bxf3 4. exf3 e6 5. cxd5 Qxd5 6. Nc3 Bb4 7. Qa4+ Nc6
8. Bb5 Bxc3+ 9. bxc3 Nge7 10. O-O O-O 11. Rb1 Rab8 12. Ba3 Rfd8 13. Qc2 h6 14.
Bd3 Qa5 15. Bc5 Nd5 16. Rb3 Qa4 17. Qb2 b6 18. Bb5 {BOXERMA resigns} 1-0

[Event "ICS rated standard match"]
[Site "204.178.125.65"]
[Date "2000.12.11"]
[Round "?"]
[White "BOXERMA"]
[Black "Hossa"]
[Result "0-1"]
[WhiteElo "1976"]
[BlackElo "2422"]
[PlyCount "32"]
[EventDate "2000.??.??"]

1. e4 e6 2. d4 d5 3. exd5 exd5 4. Bd3 Bd6 5. Nf3 Bg4 6. h3 Bh5 7. Qe2+ Ne7 8.
Be3 Nbc6 9. c3 Qd7 10. Nbd2 O-O-O 11. O-O-O Rde8 12. g4 Bg6 13. Kb1 f5 14. gxf5
Nxf5 15. Bxf5 Bxf5+ 16. Ka1 Bxh3 {BOXERMA resigns} 0-1

[Event "ICS rated standard match"]
[Site "204.178.125.65"]
[Date "2000.12.11"]
[Round "?"]
[White "Hossa"]
[Black "BOXERMA"]
[Result "1-0"]
[WhiteElo "2424"]
[BlackElo "1974"]
[PlyCount "43"]
[EventDate "2000.??.??"]

1. d4 d5 2. Nf3 Nf6 3. e3 Bg4 4. c4 e6 5. Nc3 c6 6. h3 Bh5 7. cxd5 exd5 8. g4
Bg6 9. Ne5 Ne4 10. Nxg6 hxg6 11. Nxe4 dxe4 12. Qb3 Qb6 13. Qxb6 axb6 14. Bd2 f5
15. Rg1 Kf7 16. Bc4+ Kf6 17. d5 Bd6 18. Bc3+ Kg5 19. f4+ exf3 20. gxf5+ Kh4 21.
Rxg6 Kxh3 22. Kf2 {BOXERMA resigns} 1-0

[Event "ICS Rated standard match"]
[Site "204.178.125.65"]
[Date "2000.12.11"]
[Round "?"]
[White "BOXERMA"]
[Black "Hossa"]
[Result "0-1"]
[WhiteElo "1972"]
[BlackElo "2426"]
[PlyCount "128"]
[EventDate "2000.??.??"]

1. e4 e6 2. d4 d5 3. Nd2 c5 4. exd5 exd5 5. Bb5+ Bd7 6. Qe2+ Qe7 7. Bxd7+ Nxd7
8. Ngf3 Qxe2+ 9. Kxe2 O-O-O 10. Re1 Re8+ 11. Kf1 Rxe1+ 12. Kxe1 Bd6 13. dxc5
Nxc5 14. Nb3 Nxb3 15. axb3 a6 16. Be3 Ne7 17. g3 Nf5 18. Kd2 Re8 19. Re1 Kd7
20. Bb6 Rxe1 21. Kxe1 Kc6 22. Bd4 Nxd4 23. Nxd4+ Kc5 24. c3 Be5 25. Nf3 Bf6 26.
Kd2 h6 27. Kd3 a5 28. Nd2 b6 29. Nf3 h5 30. h4 Kd6 31. Nd4 g6 32. f4 Kd7 33.
Ke3 Bxd4+ 34. Kxd4 Ke6 35. c4 dxc4 36. bxc4 Kf5 37. Ke3 Kg4 38. Kf2 Kh3 39. b3
f6 40. Kf3 f5 41. Kf2 Kh2 42. Kf3 Kg1 43. Ke3 Kg2 44. Kd4 Kxg3 45. Kd5 Kxf4 46.
Kc6 Kg4 47. Kxb6 f4 48. c5 f3 49. c6 Kxh4 50. c7 f2 51. c8=Q f1=Q 52. Qd8+ g5
53. Kxa5 Qf5+ 54. Ka4 Kh3 55. b4 g4 56. b5 g3 57. Qd2 g2 58. Qe3+ Kh2 59. Qd2
Kh1 60. b6 g1=Q 61. b7 Qa1+ 62. Kb4 Qab1+ 63. Kc4 Qbb5+ 64. Kc3 Qfc5# {
BOXERMA checkmated} 0-1

[Event "ICS Rated standard match"]
[Site "204.178.125.65"]
[Date "2000.12.11"]
[Round "?"]
[White "petereks"]
[Black "Hossa"]
[Result "1-0"]
[WhiteElo "2409"]
[BlackElo "2428"]
[PlyCount "145"]
[EventDate "2000.??.??"]

1. d4 d5 2. Nf3 Nf6 3. c4 dxc4 4. e3 Bf5 5. Qa4+ c6 6. Qxc4 e6 7. g3 Bd6 8. Bg2
Nbd7 9. O-O O-O 10. Nc3 Nb6 11. Qe2 Nbd5 12. Bd2 Nxc3 13. Bxc3 Be4 14. Rac1 Be7
15. Bh3 Qd5 16. Ne5 Qxa2 17. Ra1 Qb3 18. Rfc1 Nd5 19. f3 Bf5 20. Bg2 Bf6 21.
Nd7 Rfd8 22. Nxf6+ Nxf6 23. Ra3 Qb5 24. Qxb5 cxb5 25. e4 Bg6 26. Rd1 Nd7 27.
Kf2 a6 28. h4 Rac8 29. g4 h5 30. gxh5 Bxh5 31. d5 Nb6 32. Ba5 Rd6 33. Bxb6 Rxb6
34. d6 Rbc6 35. Rd2 g6 36. f4 Rc2 37. Rad3 a5 38. e5 Rxd2+ 39. Rxd2 b6 40. b4
axb4 41. Bb7 Rf8 42. Rb2 f6 43. Ke3 Bd1 44. Rxb4 Ba4 45. Rb1 Kf7 46. Rc1 b4 47.
Rc7+ Kg8 48. Be4 b3 49. Bxg6 f5 50. Rc1 Ra8 51. h5 Bd7 52. Rb1 Ra3 53. Kd3 Ba4
54. Kc3 Ra2 55. Kb4 Kf8 56. h6 Bc6 57. Kxb3 Rh2 58. h7 Kg7 59. Rg1 Kh8 60. Rc1
Bd7 61. Rc7 Rg2 62. Bf7 Rf2 63. Rxd7 Rf3+ 64. Kc2 Rxf4 65. Bg6 Rc4+ 66. Kd2 Rc8
67. Re7 Ra8 68. d7 f4 69. Re8+ Kg7 70. Bc2 Kh6 71. Rxa8 f3 72. Rg8 b5 73. h8=Q#
{Hossa checkmated} 1-0